000 00271nam a2200097Ia 4500
001 1002916
005 20250826230439.0
008 250824s9999 xx 000 0 und d
245 0 _aKÜÇÜK VAMPİR İNİLTİLER VADİSİNDE
_cANGELA SOMMER
260 _bHEP KİTAP YAYINLARI
999 _c1002916
_d1002916